Estrategias de investigación en medicina clÍnica (Registro nro. 30921)

Detalles MARC
000 -CABECERA
Longitud fija campo de control 01525nam a2200217 a 4500
003 - • IDENTIFICADOR DELl NÚMERO DE CONTROL
Identificador del número de control CO-ViMGA
008 - • CÓDIGOS DE INFORMACIÓN DE LONGITUD FIJA
Códigos de información de longitud fija 141112s2004 ck r 000 u spa d
040 ## - FUENTE DE LA CATALOGACIÓN
Centro catalogador de origen CO-ViMGA
Lengua de catalogación spa
Centro transcriptor CO-ViMGA
082 04 - • NÚMERO DE LA CLASIFICACIÓN DECIMAL DEWEY
Número de clasificación (R) 614.4 A734e
100 1# - • PUNTO DE ACCESO PRINCIPAL-NOMBRE DE PERSONA
Nombre de persona Ardila, Enrique; Sanchez, Ricardo
245 10 - • TITULO PROPIAMENTE DICHO
Título Estrategias de investigación en medicina clÍnica
300 ## - • DESCRIPCIÓN FÍSICA
Extensión 288
505 ## - • NOTA DE CONTENIDO CON FORMATO
Nota de contenido con formato Metodo cientifico, epidemologia clinica desarrollo historico, Informacion clinica, nociones de bioestadistica, manejo de datos, analisis de datos mediante herramientas graficas, reporte de casos y serie de casos 1 - 76 - - Diseño de Investigación clinica : los estudios transversales, estudios de casos y controles, estudio de cohortes, estudios de intervenciones, fases del desarrollo de un nuevo farmaco, pruebas diagnosticas y proceso diagnostico, meta - analisis de experimentos clinicos 73 - 176 - - Consensos, guias y protocolos, la colaboracion cochrane en iberoAmérica, medicina basada en la evidencia, analisis de decisiones, como escribir y publicar en medicina, evidencia epidemologica, calidad de vida, aspectos eticos en la Investigación clinica, la administracion en la Investigación clinica 181 - 284
590 ## - NOTAS LOCALES
Nota local Forma de adquisición : Compra - - Precio : 60.000 - - Proveedor : Dismet - - Fecha de adquisición : 2008
650 14 - • PUNTO DE ACCESO ADICIONAL DE MATERIA - TÉRMINO DE MATERIA
Término de materia o nombre geográfico como elemento inicial EPIDEMOLOGIA CLINICA
650 14 - • PUNTO DE ACCESO ADICIONAL DE MATERIA - TÉRMINO DE MATERIA
Término de materia o nombre geográfico como elemento inicial Investigación MEDICA
650 14 - • PUNTO DE ACCESO ADICIONAL DE MATERIA - TÉRMINO DE MATERIA
Término de materia o nombre geográfico como elemento inicial MEDICINA CLINICA
942 ## - ENTRADA DE ELEMENTOS AGREGADOS (KOHA)
Fuente de clasificaión o esquema Dewey Decimal Classification
Koha [por defecto] tipo de item LIbro
Existencias
Perdido Fuente de clasificación o esquema Estado Físico No para préstamo Forma de adquisición Localización permanente Localización actual Fecha adquisición Serie de enumeración / cronolog&íacute;a Préstamos totales Signatura completa Código de barras Fecha última consulta Número de copia Fecha del precio de reemplazo Tipo de item de Koha
  Dewey Decimal Classification     Sala Especializada Tercer Piso Biblioteca Pública Germán Arciniegas - Villavicencio Biblioteca Pública Germán Arciniegas - Villavicencio 12/04/2015 Volumen. 1 | 11/jun/2009   614.4 A734e 22620 12/04/2015 Ej. 1 12/04/2015 LIbro









Instituto Departamental de Cultura del Meta - Red Departamental de Bibliotecas Públicas del Meta.